Malawi : Staff Report for 2009 Article IV Consultation and Request for a Three-Year Arrangement Under the Extended Credit Facility.

This 2009 Article IV Consultation highlights that Malawi's macroeconomic performance has improved significantly over the past two years, and the country's agricultural-based economy has weathered the global economic storm relatively well. Good weather and the distribution of subsidized fer...

Täydet tiedot

Bibliografiset tiedot
Yhteisötekijä: International Monetary Fund
Aineistotyyppi: Aikakauslehti
Kieli:English
Julkaistu: Washington, D.C. : International Monetary Fund, 2010.
Sarja:IMF Staff Country Reports; Country Report ; No. 2010/087
Linkit:Full text available on IMF
LEADER 01741cas a2200241 a 4500
001 AALejournalIMF006398
008 230101c9999 xx r poo 0 0eng d
020 |c 5.00 USD 
020 |z 9781455204496 
022 |a 1934-7685 
040 |a BD-DhAAL  |c BD-DhAAL 
110 2 |a International Monetary Fund. 
245 1 0 |a Malawi :   |b Staff Report for 2009 Article IV Consultation and Request for a Three-Year Arrangement Under the Extended Credit Facility. 
264 1 |a Washington, D.C. :  |b International Monetary Fund,  |c 2010. 
300 |a 1 online resource (99 pages) 
490 1 |a IMF Staff Country Reports 
500 |a <strong>Off-Campus Access:</strong> No User ID or Password Required 
500 |a <strong>On-Campus Access:</strong> No User ID or Password Required 
506 |a Electronic access restricted to authorized BRAC University faculty, staff and students 
520 3 |a This 2009 Article IV Consultation highlights that Malawi's macroeconomic performance has improved significantly over the past two years, and the country's agricultural-based economy has weathered the global economic storm relatively well. Good weather and the distribution of subsidized fertilizer have contributed to robust growth and moderate inflation in recent years. Malawi's medium-term outlook is favorable, within the context of successful implementation of the Extended Credit Facility-supported program. Growth is expected to remain buoyant, but moderate somewhat relative to the high growth of the recent past. 
538 |a Mode of access: Internet 
830 0 |a IMF Staff Country Reports; Country Report ;  |v No. 2010/087 
856 4 0 |z Full text available on IMF  |u http://elibrary.imf.org/view/journals/002/2010/087/002.2010.issue-087-en.xml  |z IMF e-Library